000
00285nam a22001217a 4500
008
180307b xxu||||| |||| 00| 0 eng d
041
_a
eng
080
_a
573
100
_a
11
101
_a
BIO
245
_a
Student guide with programed units for life
_c
Humphrey,D.G
942
_2
udc
_c
BK
999
_c
44341
_d
44341